000 00412nam a2200169Ia 4500
008 230524s9999 xx 000 0 und d
082 _a515.625
_bPRA
100 _aPhollan Prasad
245 0 _aPartial Differential equations
250 _a1ST
260 _aNEW DELHI
_bNAI
_c2005
300 _aXI;251
500 _aQuantity Number: 2
650 _aMathematics
700 _a Renuka Ravindram
942 _cBK
999 _c33223
_d33223